[Event "San Francisco TNM Summer op"]
[Site "San Francisco"]
[Date "2017.07.11"]
[Round "7"]
[White "Porlares, Teodoro"]
[Black "Starr, Albert Martin"]
[Result "1-0"]
[WhiteElo "1941"]
[BlackElo "1500"]
[PlyCount "81"]
[EventDate "2017.05.23"]
[EventType "swiss"]
[EventRounds "8"]
[EventCountry "USA"]
[SourceTitle "EXT 2023"]
[Source "ChessBase"]
[SourceDate "2022.10.05"]
[SourceVersion "1"]
[SourceVersionDate "2022.10.05"]
[SourceQuality "1"]

1. Nf3 b5 2. g3 Bb7 3. Bg2 e6 4. 0-0 Nf6 5. d4 Be7 6. Bg5 0-0 7. Nbd2 d6 8. c3 Nbd7 9. Qc2 g6 10. e4 c5 11. Bh6 Re8 12. h3 a5 13. e5 dxe5 14. dxe5 Nd5 15. h4 Bf8 16. Bg5 Qb8 17. Ne4 Bg7 18. Nd6 Rf8 19. Nxb5 Ba6 20. a4 Bxb5 21. axb5 Ra7 22. c4 Nb4 23. Qe4 Nxe5 24. Bf4 Nxf3+ 25. Bxf3 e5 26. Be3 f5 27. Qb1 Rc8 28. Bd2 e4 29. Be2 Qb6 30. Bc3 Rd8 31. Rd1 Bd4 32. Kg2 Rad7 33. h5 g5 34. g4 Qf6 35. Bxd4 Rxd4 36. Rxd4 Rxd4 37. Rxa5 f4 38. Ra8+ Rd8 39. Qxe4 Kg7 40. Ra7+ Kh6 41. Rxh7# 1-0

[Event "San Francisco TNM Winter op"]
[Site "San Francisco"]
[Date "2017.01.17"]
[Round "3"]
[White "Porlares, Teodoro"]
[Black "Morgan, Jerry"]
[Result "1-0"]
[WhiteElo "1822"]
[BlackElo "1560"]
[PlyCount "73"]
[EventDate "2017.01.03"]
[EventType "swiss"]
[EventRounds "8"]
[EventCountry "USA"]
[SourceTitle "EXT 2018"]
[Source "ChessBase"]
[SourceDate "2017.10.13"]
[SourceVersion "1"]
[SourceVersionDate "2017.10.13"]
[SourceQuality "1"]

1. d4 f5 2. g3 Nf6 3. Bg2 g6 4. e3 Bg7 5. Ne2 0-0 6. 0-0 d6 7. c4 Qe8 8. Nbc3 e5 9. Bd2 e4 10. h4 Nh5 11. Nd5 Na6 12. Rb1 Be6 13. Qb3 Rb8 14. Ndf4 Nxf4 15. Nxf4 Bf7 16. Qc2 c6 17. Qa4 c5 18. Qxe8 Rfxe8 19. d5 b5 20. b3 b4 21. f3 Nc7 22. fxe4 fxe4 23. Nh3 h6 24. Bc1 Be5 25. Kh2 Re7 26. Bb2 Rf8 27. Bxe5 Rxe5 28. Rf4 g5 29. hxg5 hxg5 30. Rg4 Bh5 31. Rxg5+ Rxg5 32. Nxg5 Rf2 33. Nxe4 Rxa2 34. Nf6+ Kf7 35. Nxh5 Kg6 36. g4 Re2 37. Nf4+ 1-0

[Event "San Francisco TNM Summer op"]
[Site "San Francisco"]
[Date "2016.07.05"]
[Round "7"]
[White "Simpkins, Jerry"]
[Black "Porlares, Teodoro"]
[Result "0-1"]
[WhiteElo "1538"]
[BlackElo "1805"]
[PlyCount "72"]
[EventDate "2016.05.24"]
[EventType "swiss"]
[EventRounds "8"]
[EventCountry "USA"]
[SourceTitle "EXT 2018"]
[Source "ChessBase"]
[SourceDate "2017.10.13"]
[SourceVersion "1"]
[SourceVersionDate "2017.10.13"]
[SourceQuality "1"]

1. e4 c6 2. f4 d5 3. e5 h5 4. d3 g6 5. c3 Nh6 6. Nf3 Bg4 7. Be2 e6 8. Be3 Nf5 9. Bf2 Bh6 10. g3 Bh3 11. Na3 Nd7 12. Nc2 0-0 13. Ne3 Nxe3 14. Bxe3 Bg2 15. Rg1 Bxf3 16. Bxf3 Nxe5 17. Bxh5 Nd7 18. Bg4 c5 19. Qe2 Bg7 20. Qf2 Qa5 21. Bd2 Qb5 22. 0-0-0 Qxd3 23. Be3 Qa6 24. Kb1 Rfc8 25. h4 Nf6 26. Bf3 Qa5 27. g4 Nd7 28. h5 b5 29. hxg6 b4 30. gxf7+ Kf8 31. Bd2 bxc3 32. Bxc3 Bxc3 33. bxc3 Rab8+ 34. Kc1 Qa3+ 35. Kd2 Rb2+ 36. Ke3 d4+ 0-1

[Event "San Francisco TNM Spring op"]
[Site "San Francisco"]
[Date "2015.03.31"]
[Round "3"]
[White "Casares, Nick Jr"]
[Black "Porlares, Teodoro"]
[Result "0-1"]
[WhiteElo "1600"]
[BlackElo "1847"]
[PlyCount "44"]
[EventDate "2015.03.17"]
[EventType "swiss"]
[EventRounds "8"]
[EventCountry "USA"]
[SourceTitle "EXT 2016"]
[Source "ChessBase"]
[SourceDate "2015.10.08"]
[SourceVersion "1"]
[SourceVersionDate "2015.10.08"]
[SourceQuality "1"]

1. e4 c6 2. d4 d5 3. exd5 cxd5 4. c4 Nf6 5. c5 Bf5 6. Bb5+ Nc6 7. b4 e6 8. Nf3 Be7 9. Ne5 Qc7 10. Qa4 Rc8 11. Bf4 Nh5 12. Nxc6 Qxf4 13. Nxa7+ Kd8 14. Qa5+ Rc7 15. 0-0 Qxd4 16. Nc8 Bf6 17. Nd6 Qf4 18. Qa8+ Ke7 19. Qxh8 Be5 20. Qe8+ Kf6 21. Qd8+ Kg6 22. Qxc7 Qxh2# 0-1